000 01229cam a22003494a 4500
001 15402323
003 OSt
005 20240709133145.0
008 080804s2008 mdua b 001 0 eng
010 _a 2008034439
020 _a9781585281770
035 _a(DNLM)101480656
040 _aDNLM/DLC
_cDLC
_dDLC
042 _apcc
050 0 0 _aRS92
_b.B79 2008
100 1 _aBryant, Patrick J.
245 1 4 _aThe pharmacist's guide to evidence-based medicine for clinical decision making /
_cPatrick J. Bryant, Heather A. Pace.
260 _aBethesda, Md. :
_bAmerican Society of Health-System Pharmacists,
_c2008
300 _aix, 198 p.
650 0 _aPharmacy
_xDecision making.
650 0 _aEvidence-based medicine.
650 1 2 _aDrug Therapy.
650 2 2 _aDecision Making.
650 2 2 _aEvidence-Based Medicine.
650 2 2 _aPharmacology, Clinical.
700 1 _aPace, Heather A.
710 2 _aAmerican Society of Health-System Pharmacists.
856 4 1 _3Table of contents only
_uhttp://www.loc.gov/catdir/toc/ecip0825/2008034439.html
906 _a7
_bcbc
_corignew
_d1
_eecip
_f20
_gy-gencatlg
942 _2lcc
_cBK
999 _c20451
_d20450